• 首页
  • 本馆介绍
  • 公告通知
  • 最新文献
  • 馆藏检索
  • 电子资源
  • 读者导购
  • 参考咨询
  • 我的图书馆
  • 登录
  • 详细信息显示
  • 放入我的书架
  • 预约/预借图书
  • 作者相关作品
  • 分类相关作品
  • 丛书相关作品
  • 出版社相关作品

书目信息

  • 表格格式
  • 工作单格式
  • 卡片格式
题名:
艺术与视知觉
    
 
作者: 阿恩海姆 著 ;滕守尧 译
分册:  
出版信息: 成都   四川人民出版社  2019
页数: 508页
开本: 26cm
丛书名:
单 册:
中图分类: J0-05 , J0
科图分类:
主题词: 视觉艺术--艺术心理学
电子资源:
ISBN: 978-7-220-11184-6
000 01030nam0 00277 450
001 2138486092
005 20210104104142.31
010    @a978-7-220-11184-6@dCNY98.00
100    @a20190621d2019 em y0chiy50 ea
101 1  @achi@ceng
102    @aCN@b510000
105    @aa z 000yy
200 1  @a艺术与视知觉@9yi shu yu shi zhi jue@b专著@dArt and visual perception@f(美)鲁道夫·阿恩海姆(Rudolf Arnheim)著@g滕守尧译@zeng
210    @a成都@c四川人民出版社@d2019
215    @a508页@c图@d26cm
300    @a35周年纪念版
300    @a艺术设计、美术相关学科必读书
330    @a本书通过平衡、形状、形式、发展、空间、光、色彩、运动、力、表现这十个方面,从心理学的角度投射视觉过程,描述了眼睛根据特定的心理前提创造性地组织视觉材料的方式。
510 1  @aArt and visual perception@zeng
606 0  @a视觉艺术@x艺术心理学
690    @aJ0-05@v5
690    @aJ0@v4
701  0 @c(美)@a阿恩海姆@9a en hai mu@c(Arnheim, Rudolf)@4著
702  0 @a滕守尧@9teng shou yao@4译
801  2 @aCN@b58marc.cn@c20191026
905    @aMUSE@dJ0@e9
    
    艺术与视知觉=Art and visual perception/(美)鲁道夫·阿恩海姆(Rudolf Arnheim)著/滕守尧译.-成都:四川人民出版社,2019
    508页:图;26cm
    35周年纪念版.-艺术设计、美术相关学科必读书
    
    ISBN 978-7-220-11184-6:CNY98.00
    本书通过平衡、形状、形式、发展、空间、光、色彩、运动、力、表现这十个方面,从心理学的角度投射视觉过程,描述了眼睛根据特定的心理前提创造性地组织视觉材料的方式。
●
相关链接 在五车中查询图书 在当当中查询图书 在豆瓣中查询图书


正题名:艺术与视知觉     索取号:J0/9         预约/预借

序号 登录号 条形码 馆藏地/架位号 状态 备注
1 2000878151   2000878151   第二书库/ [索取号:J0/9] 在馆    
2 2000878152   2000878152   第二书库/ [索取号:J0/9] 在馆    
3 2000878153   2000878153   第二书库/ [索取号:J0/9] 在馆    
山东省滨州职业学院图书馆 欢迎您!
大连网信软件有限公司© 版权所有